000 00291nam a2200133Ia 4500
100 _aGiles/R.V
942 _cBK
654 _aFluid
245 _aFlluid mechanics and its applications
260 _bMcGraw Hill
_aSingapore
_c1983
082 _a532
_bGIL
300 _a275
546 _aENGLISH
999 _c33072
_d33072